000 00474nam a22001937a 4500
005 20230524110927.0
008 230524b |||||||| |||| 00| 0 eng d
020 _a978813711521
082 _a670.42
_bBRU-M
100 _aBruce;R.Gregg
245 _aModern Materials and Manufacturing Processess
250 _a3rd.ed
260 _aIndia
_bPearsons
_c2004
300 _a468
500 _aindex given
650 _aEngineering
700 _aR;Gregg.Bruce
999 _c18453
_d18453